000 nam a22 7a 4500
999 _c127543
_d127543
008 180220b xxu||||| |||| 00| 0 eng d
050 _aLB2369.M234
100 _aMakwavarara, Zifikile
_939497
245 _aPostgraduate Guide on Thesis writing and Supervision
_cZifikile Makwavarara
260 _aHarare
_bUniversity of Zimbabwe Publications
_c2017
300 _avi, 89p. ;
_c21cm.
650 _aReport writing
_915938
650 _aDissertations, writing of
_939498
942 _2lcc
_cMONOGRAPH